Bioreactor systems for tissue engineering (Record no. 2574)
[ view plain ]
| 000 -LEADER | |
|---|---|
| fixed length control field | 01951cam a22005177a 4500 |
| 001 - ACCESSION NUMBER | |
| control field | 10690 |
| 003 - CONTROL NUMBER IDENTIFIER | |
| control field | CUTN |
| 005 - DATE AND TIME OF LATEST TRANSACTION | |
| control field | 20160314121732.0 |
| 006 - FIXED-LENGTH DATA ELEMENTS--ADDITIONAL MATERIAL CHARACTERISTICS--GENERAL INFORMATION | |
| fixed length control field | m d |
| 007 - PHYSICAL DESCRIPTION FIXED FIELD--GENERAL INFORMATION | |
| fixed length control field | cr n |
| 008 - FIXED-LENGTH DATA ELEMENTS--GENERAL INFORMATION | |
| fixed length control field | 090206s2009 gw a sb 001 0 eng d |
| 020 ## - INTERNATIONAL STANDARD BOOK NUMBER | |
| International Standard Book Number | 9783540693567 (alk. paper) |
| 020 ## - INTERNATIONAL STANDARD BOOK NUMBER | |
| International Standard Book Number | 9783540693574 (ebook) |
| 035 ## - SYSTEM CONTROL NUMBER | |
| System control number | (WaSeSS)ssj0000316521 |
| 040 ## - CATALOGING SOURCE | |
| Original cataloging agency | UKM |
| Language of cataloging | eng |
| Transcribing agency | UKM |
| Modifying agency | BTCTA |
| -- | BAKER |
| -- | YDXCP |
| -- | OHX |
| -- | AGL |
| -- | BWX |
| -- | NLM |
| -- | CRU |
| -- | DEBBG |
| -- | OCL |
| -- | DLC |
| -- | WaSeSS |
| 042 ## - AUTHENTICATION CODE | |
| Authentication code | ukblcatcopy |
| -- | lccopycat |
| 050 #4 - LIBRARY OF CONGRESS CALL NUMBER | |
| Classification number | R857.T55 |
| Item number | B567 2009 |
| 050 #4 - LIBRARY OF CONGRESS CALL NUMBER | |
| Classification number | R857.T55 |
| 060 00 - NATIONAL LIBRARY OF MEDICINE CALL NUMBER | |
| Classification number | W1 |
| Item number | AD436N v.112 2009 |
| 060 10 - NATIONAL LIBRARY OF MEDICINE CALL NUMBER | |
| Classification number | QT 37 |
| Item number | B6154 2009 |
| 070 0# - NATIONAL AGRICULTURAL LIBRARY CALL NUMBER | |
| Classification number | R857.T55 |
| Item number | B56 2009 |
| 082 04 - DEWEY DECIMAL CLASSIFICATION NUMBER | |
| Classification number | 612.028 |
| Edition number | 22 |
| 084 ## - OTHER CLASSIFICATION NUMBER | |
| Classification number | WF 9725 |
| Source of number | rvk |
| 210 10 - ABBREVIATED TITLE | |
| Abbreviated title | Bioreactor systems for tissue engineering |
| 245 00 - TITLE STATEMENT | |
| Title | Bioreactor systems for tissue engineering |
| Medium | [electronic resource] / |
| Statement of responsibility, etc | volume editors, Cornelia Kasper, Martijn van Griensven, Ralf Pörtner ; with contributions by M. Al-Rubeai ... [et al.]. |
| 260 ## - PUBLICATION, DISTRIBUTION, ETC. (IMPRINT) | |
| Place of publication, distribution, etc | Berlin : |
| Name of publisher, distributor, etc | Springer, |
| Date of publication, distribution, etc | c2009. |
| 300 ## - PHYSICAL DESCRIPTION | |
| Extent | xii, 271 p, |
| Dimensions | 25 cm. |
| 490 0# - SERIES STATEMENT | |
| Series statement | Advances in biochemical engineering/biotechnology ; |
| Volume number/sequential designation | v. 112 |
| 504 ## - BIBLIOGRAPHY, ETC. NOTE | |
| Bibliography, etc | Includes bibliographical references and index. |
| 506 ## - RESTRICTIONS ON ACCESS NOTE | |
| Terms governing access | License restrictions may limit access. |
| 650 #0 - SUBJECT ADDED ENTRY--TOPICAL TERM | |
| Topical term or geographic name as entry element | Tissue engineering. |
| 650 #0 - SUBJECT ADDED ENTRY--TOPICAL TERM | |
| Topical term or geographic name as entry element | Bioreactors. |
| 650 12 - SUBJECT ADDED ENTRY--TOPICAL TERM | |
| Topical term or geographic name as entry element | Tissue Engineering. |
| 650 22 - SUBJECT ADDED ENTRY--TOPICAL TERM | |
| Topical term or geographic name as entry element | Bioreactors. |
| 650 07 - SUBJECT ADDED ENTRY--TOPICAL TERM | |
| Topical term or geographic name as entry element | Bioreaktor. |
| Source of heading or term | swd |
| 650 07 - SUBJECT ADDED ENTRY--TOPICAL TERM | |
| Topical term or geographic name as entry element | Tissue Engineering. |
| Source of heading or term | swd |
| 655 #7 - INDEX TERM--GENRE/FORM | |
| Genre/form data or focus term | Aufsatzsammlung. |
| Source of term | swd |
| 700 1# - ADDED ENTRY--PERSONAL NAME | |
| Personal name | Kasper, Cornelia. |
| Locally assigned cutter number (editor) | KAS |
| 700 1# - ADDED ENTRY--PERSONAL NAME | |
| Personal name | Griensven, Martijn van. |
| 700 1# - ADDED ENTRY--PERSONAL NAME | |
| Personal name | Pörtner, Ralf. |
| 700 1# - ADDED ENTRY--PERSONAL NAME | |
| Personal name | Al-Rubeai, Mohamed, |
| Dates associated with a name | 1948- |
| 773 #0 - HOST ITEM ENTRY | |
| Title | SpringerLink ebooks - Chemistry and Materials Science (2009) |
| 856 40 - ELECTRONIC LOCATION AND ACCESS | |
| Uniform Resource Identifier | <a href="http://www.columbia.edu/cgi-bin/cul/resolve?clio7766495">http://www.columbia.edu/cgi-bin/cul/resolve?clio7766495</a> |
| Public note | Full text available from SpringerLink ebooks - Chemistry and Materials Science (2009) |
| 910 ## - USER-OPTION DATA (OCLC) | |
| User-option data | Library of Congress record |
| 942 ## - ADDED ENTRY ELEMENTS (KOHA) | |
| Source of classification or shelving scheme | Dewey Decimal Classification |
| Koha item type | General Books |
| Date last seen | Total Checkouts | Full call number | Barcode | Copy number | Price effective from | Koha item type | Lost status | Source of classification or shelving scheme | Damaged status | Not for loan | Withdrawn status | Home library | Current library | Shelving location | Date acquired |
|---|---|---|---|---|---|---|---|---|---|---|---|---|---|---|---|
| 04/02/2020 | 612.028 | 10690 | 1 | 07/05/2013 | General Books | Dewey Decimal Classification | CUTN Central Library | CUTN Central Library | Medicine, Technology & Management | 07/05/2013 |
